| LEADER 00000nam 2200000uu 4500 |
| 001 213474 |
| 003 ULIBM |
| 008 230629s||||||||th 000 0 tha d |
| 020 ^a978-616-434-196-8 (ปกอ่อน)
|
| 040 ^abcnkk
|
| 041 1 ^atha
|
| 060 04 ^aQM151^bด919ก 2562
|
| 100 0 ^aเฟรดเดอริค เดอลาวีเย
|
| 245 10 ^aกายวิภาคการออกกำลังกายแบบฝึกกล้ามเนื้อ =^bStrength traininganatomy /^cเฟรดเดอริค เดอลาวีเย ; สนธยา มานะวัฒนา, แปล
|
| 246 31 ^aStrength training anatomy
|
| 260 ^aกรุงเทพฯ :^bแอร์โรว์,^c2562
|
| 300 ^a200 หน้า :^bภาพประกอบสี ;^c30 ซม.
|
| 650 4 ^aกายวิภาคศาสตร์
|
| 650 4 ^aการออกกำลังกาย
|
| 650 4 ^aกล้ามเนื้อ
|
| 700 0 ^aสนธยา มานะวัฒนา,^eผู้แปล
|
| 700 0 ^aDelavier, Ferderic
|
| 999 ^aใช้งานได้ทุกระบบ
|